| 000 | 00712nam a22002297a 4500 | ||
|---|---|---|---|
| 005 | 20130515120921.0 | ||
| 010 | _aENG-107155 | ||
| 020 |
_a9781259006043 _c895.00 |
||
| 020 |
_a1259006042 _c895.00 |
||
| 035 | _aEN-90688 | ||
| 037 | _bDBAD/PUB | ||
| 082 | _a621.89 | ||
| 100 | _aGhosh, Mihir Kumar | ||
| 245 |
_aTheory of lubrication / _cby Mihir Kumar Ghosh, Bankim Chandra Majumdar [and] Mihir Sarangi |
||
| 260 |
_aNew Delhi _bTata McGraw-Hill _c2013 |
||
| 270 |
_a7 West Patel Nagar _bNew Delhi _e110008 |
||
| 300 |
_axvii,472p : _bill. _c24cm(pbk) |
||
| 500 | _a Includes index. | ||
| 700 | _aMajumdar, Bankim Chandra | ||
| 700 | _aSarangi,Mihir | ||
| 942 |
_2ddc _cEN _h621.89 _mGHO |
||
| 999 |
_c75638 _d75638 |
||